Going back to the future could be a valuable exercise (Record no. 82334)
[ view plain ]
| 000 -LEADER | |
|---|---|
| fixed length control field | 00726cab a22001935a 4500 |
| 001 - CONTROL NUMBER | |
| control field | L149929 |
| 008 - FIXED-LENGTH DATA ELEMENTS--GENERAL INFORMATION | |
| fixed length control field | 100518e20100424xxk 000 0 eng d |
| 035 ## - SYSTEM CONTROL NUMBER | |
| System control number | (Sirsi) u149929 |
| 041 0# - LANGUAGE CODE | |
| Language code of text/sound track or separate title | eng |
| 100 1# - MAIN ENTRY--PERSONAL NAME | |
| Personal name | Fetherstonhaugh, Guy |
| 245 00 - TITLE STATEMENT | |
| Title | Going back to the future could be a valuable exercise |
| 260 ## - PUBLICATION, DISTRIBUTION, ETC. | |
| Date of publication, distribution, etc. | 2010 |
| 490 ## - SERIES STATEMENT | |
| Series statement | Estates Gazette |
| Volume/sequential designation | (1016) 24 April 2010, 104 (1) |
| 520 ## - SUMMARY, ETC. | |
| Summary, etc. | In valuation disputes a valuation may take into account events that occur after the valuation date. The question also arises with rent reviews and concerns the effect on value of any type of occurrence such as market crashes. |
| 590 ## - LOCAL NOTE (RLIN) | |
| Local note | KA |
| 651 #4 - SUBJECT ADDED ENTRY--GEOGRAPHIC NAME | |
| Geographic name | England and Wales |
| Chronological subdivision | 1543- |
| 690 ## - LOCAL SUBJECT ADDED ENTRY--TOPICAL TERM (OCLC, RLIN) | |
| Topical term or geographic name as entry element | VALUATION DISPUTES |
| 942 ## - ADDED ENTRY ELEMENTS (KOHA) | |
| Suppress in OPAC | 0 |
| Withdrawn status | Lost status | Source of classification or shelving scheme | Damaged status | Not for loan | Home library | Current library | Shelving location | Date acquired | Total Checkouts | Full call number | Barcode | Date last seen | Copy number | Price effective from | Koha item type |
|---|---|---|---|---|---|---|---|---|---|---|---|---|---|---|---|
| Dewey Decimal Classification | London | London | Journal article | 18/05/2010 | L149929 | 149929-1001 | 06/08/2019 | 1 | 06/08/2019 | Journal article |